[Event "Ruhrgebiet Verbandsklasse Gruppe 1 1819"]
[Site "Nordrheinwestfalen"]
[Date "2019.01.20"]
[Round "5.1"]
[White "Ghajar Koshravi, Ariaan"]
[Black "Schwarzkopf, Christian"]
[Result "0-1"]
[WhiteElo "1835"]
[BlackElo "2041"]
[PlyCount "52"]
[EventDate "2018.09.23"]
[EventType "team-tourn"]
[EventRounds "9"]
[EventCountry "GER"]
[SourceTitle "EXT 2022"]
[Source "ChessBase"]
[SourceDate "2021.10.06"]
[SourceVersion "1"]
[SourceVersionDate "2021.10.06"]
[SourceQuality "1"]
[WhiteTeam "Steele/Kray Rochade II"]
[BlackTeam "Werl SC 1981"]
[WhiteTeamCountry "GER"]
[BlackTeamCountry "GER"]

1. e4 d6 2. d4 Nf6 3. Nc3 g6 4. f3 c6 5. Be3 Nbd7 6. Qd2 Qa5 7. Bc4 b5 8. Bb3 Rb8 9. e5 dxe5 10. dxe5 Nxe5 11. Bf4 Nfd7 12. 0-0-0 Bg7 13. h4 h5 14. Nh3 0-0 15. Ng5 Nc5 16. Rhe1 Nxb3+ 17. cxb3 b4 18. Na4 Rb5 19. Ne4 Bf5 20. Bh6 Rd5 21. Qe3 Nd3+ 22. Rxd3 Rxd3 23. Qg5 Bxh6 24. Qxh6 Bxe4 25. Rxe4 Qd5 26. Re1 Rd8 0-1

[Event "Ruhrgebiet Bezirksliga 16/17"]
[Site "Ruhrgebiet"]
[Date "2017.01.08"]
[Round "6.1"]
[White "Lampe, Thomas"]
[Black "Schwarzkopf, Christian"]
[Result "1/2-1/2"]
[WhiteElo "1975"]
[BlackElo "2039"]
[PlyCount "31"]
[EventDate "2016.08.28"]
[EventType "team-tourn"]
[EventRounds "11"]
[EventCountry "GER"]
[SourceTitle "EXT 2022"]
[Source "ChessBase"]
[SourceDate "2021.10.06"]
[SourceVersion "1"]
[SourceVersionDate "2021.10.06"]
[SourceQuality "1"]
[WhiteTeam "Werl SC 1981"]
[BlackTeam "Wickede SK"]
[WhiteTeamCountry "GER"]
[BlackTeamCountry "GER"]

1. e4 e6 2. d3 c5 3. g3 Nc6 4. Bg2 g6 5. f4 Bg7 6. Nf3 d5 7. Nbd2 Nge7 8. 0-0 0-0 9. Rb1 b5 10. b3 Qc7 11. Bb2 d4 12. Nh4 Bd7 13. Ba3 b4 14. Bc1 f5 15. a4 Rad8 16. Nc4 1/2-1/2

[Event "Bargteheide op"]
[Site "Bargteheide"]
[Date "2013.05.10"]
[Round "3"]
[White "Schwarzkopf, Christian"]
[Black "Krivonosov, Oleg"]
[Result "0-1"]
[WhiteElo "2193"]
[BlackElo "2468"]
[PlyCount "74"]
[EventDate "2013.05.09"]
[EventType "swiss"]
[EventRounds "7"]
[EventCountry "GER"]
[SourceTitle "CBM 154 Extra"]
[Source "ChessBase"]
[SourceDate "2013.06.25"]
[SourceVersion "2"]
[SourceVersionDate "2013.06.25"]
[SourceQuality "1"]

1. Nf3 d5 2. g3 c6 3. Bg2 Bg4 4. c4 e6 5. cxd5 Bxf3 6. Bxf3 cxd5 7. d3 Nf6 8. Nc3 Nc6 9. 0-0 Be7 10. Bg2 0-0 11. a3 Rc8 12. Bd2 a6 13. Rc1 b5 14. Na2 Qb6 15. e3 Rc7 16. Nb4 Nxb4 17. Rxc7 Qxc7 18. axb4 Rc8 19. Qb3 Qd6 20. Ra1 h6 21. Bc3 Nd7 22. Qa3 Nb8 23. Qb3 Bf6 24. e4 dxe4 25. Bxf6 gxf6 26. dxe4 Rd8 27. Qe3 Kg7 28. Qc5 Qd2 29. e5 Qxb2 30. exf6+ Qxf6 31. Rf1 Rd4 32. Bb7 Nd7 33. Qa7 Ne5 34. Qxa6 Rxb4 35. Qa3 Rb2 36. Be4 Nc4 37. Qd3 Nd2 0-1

[Event "Bargteheide op"]
[Site "Bargteheide"]
[Date "2011.06.04"]
[Round "6"]
[White "Schwarzkopf, Christian"]
[Black "Colpe, Malte"]
[Result "1/2-1/2"]
[WhiteElo "2193"]
[BlackElo "2248"]
[PlyCount "38"]
[EventDate "2011.06.02"]
[EventType "swiss"]
[EventRounds "7"]
[EventCountry "GER"]
[SourceTitle "CBM 142 Extra"]
[Source "ChessBase"]
[SourceDate "2011.06.27"]
[SourceVersion "1"]
[SourceVersionDate "2011.06.27"]
[SourceQuality "1"]

1. Nf3 Nf6 2. g3 g6 3. Bg2 Bg7 4. 0-0 0-0 5. d3 d5 6. Nbd2 c5 7. e4 Nc6 8. Re1 e5 9. c3 d4 10. Nc4 Ne8 11. a4 Be6 12. Na3 h6 13. Rb1 Qe7 14. Bd2 a5 15. c4 Nd6 16. Nb5 Nxb5 17. axb5 Nb4 18. Bxb4 axb4 19. Ra1 Bg4 1/2-1/2

[Event "Bargteheide op"]
[Site "Bargteheide"]
[Date "2007.05.20"]
[Round "7"]
[White "Adloff, Ralf"]
[Black "Schwarzkopf, Christian"]
[Result "1/2-1/2"]
[WhiteElo "2031"]
[BlackElo "2216"]
[PlyCount "54"]
[EventDate "2007.05.17"]
[EventType "swiss"]
[EventRounds "7"]
[EventCountry "GER"]
[SourceTitle "EXT 2010"]
[Source "ChessBase"]
[SourceDate "2010.11.25"]
[SourceVersion "1"]
[SourceVersionDate "2010.11.25"]
[SourceQuality "1"]

1. d4 Nf6 2. Bg5 e6 3. Nd2 h6 4. Bh4 c5 5. e3 Be7 6. Ngf3 0-0 7. Bd3 b6 8. Qe2 Bb7 9. 0-0 Nd5 10. Bxe7 Qxe7 11. c4 Nb4 12. Bb1 d6 13. a3 N4c6 14. Rd1 Rd8 15. Ne4 f5 16. Ng3 Nd7 17. d5 Nce5 18. Nxe5 Nxe5 19. f4 Ng4 20. Bxf5 exf5 21. Nxf5 Qf6 22. Qxg4 Bc8 23. e4 Re8 24. Re1 Rxe4 25. Rxe4 Bxf5 26. Qe2 Bxe4 27. Qxe4 Qxb2 1/2-1/2

[Event "Oberliga NRW 9293 II"]
[Site "Germany"]
[Date "1993.??.??"]
[Round "?.2"]
[White "Schwarzkopf, Christian"]
[Black "Kishnev, Sergey"]
[Result "1/2-1/2"]
[WhiteElo "2220"]
[BlackElo "2510"]
[PlyCount "62"]
[EventDate "1992.10.??"]
[EventType "team"]
[EventRounds "10"]
[EventCountry "GER"]
[SourceTitle "TD"]
[Source "ChessBase"]
[SourceDate "1994.03.01"]
[SourceVersion "1"]
[SourceVersionDate "1994.03.01"]
[SourceQuality "1"]
[WhiteTeam "Neheim"]
[BlackTeam "Gelsenkirchen"]
[WhiteTeamCountry "GER"]
[BlackTeamCountry "GER"]

1. d4 Nf6 2. Nf3 e6 3. Bg5 d5 4. e3 c5 5. c3 Qb6 6. Qc1 Bd7 7. Nbd2 cxd4 8. exd4 Bb5 9. Bxb5+ Qxb5 10. a4 Qa6 11. Qd1 Nbd7 12. Qe2 Qb6 13. 0-0 Bd6 14. b4 0-0 15. Rfc1 Rac8 16. a5 Qc7 17. Bh4 Rfe8 18. Bg3 e5 19. dxe5 Nxe5 20. Nxe5 Bxe5 21. Qd3 Ne4 22. Nxe4 dxe4 23. Qe3 a6 24. c4 f5 25. Bxe5 Qxe5 26. g3 Kf8 27. Ra2 Qe6 28. Rac2 Rcd8 29. Rd2 Rxd2 30. Qxd2 Re7 31. c5 Rd7 1/2-1/2

[Event "Oberliga NRW 9293 II"]
[Site "Germany"]
[Date "1993.??.??"]
[Round "?.3"]
[White "Schwarzkopf, Christian"]
[Black "Sandkamp, Ralph"]
[Result "0-1"]
[WhiteElo "2220"]
[BlackElo "2215"]
[PlyCount "124"]
[EventDate "1992.10.??"]
[EventType "team"]
[EventRounds "10"]
[EventCountry "GER"]
[SourceTitle "TD"]
[Source "ChessBase"]
[SourceDate "1994.03.01"]
[SourceVersion "1"]
[SourceVersionDate "1994.03.01"]
[SourceQuality "1"]
[WhiteTeam "Neheim"]
[BlackTeam "Wattenscheid"]
[WhiteTeamCountry "GER"]
[BlackTeamCountry "GER"]

1. d4 Nf6 2. Nf3 g6 3. g3 Bg7 4. Bg2 0-0 5. 0-0 d6 6. Re1 Nbd7 7. e4 e5 8. c3 b6 9. Nbd2 Bb7 10. Qc2 Re8 11. b3 exd4 12. cxd4 c5 13. Bb2 cxd4 14. Rad1 Rc8 15. Qb1 d3 16. Qxd3 Nc5 17. Qb1 Nfxe4 18. Bxg7 Kxg7 19. Qa1+ Qf6 20. Qxf6+ Nxf6 21. Nc4 Bxf3 22. Rxe8 Rxe8 23. Bxf3 d5 24. Bxd5 Re2 25. b4 Nce4 26. Bxe4 Nxe4 27. f3 Ng5 28. Rd3 Nh3+ 29. Kf1 Rxa2 30. Rd7 Rf2+ 31. Ke1 Rxf3 32. Rxa7 Rb3 33. Nxb6 Rxb4 34. Nc8 Rb2 35. Nd6 Ng5 36. Ne8+ Kf8 37. Nf6 Rxh2 38. Kf1 Rc2 39. Ra8+ Ke7 40. Nd5+ Ke6 41. Ne3 Rc3 42. Ke2 h5 43. Ra6+ Kd7 44. Ra4 f5 45. Ra7+ Ke6 46. Ra6+ Kf7 47. Ra7+ Kg8 48. Nd5 Rxg3 49. Ne7+ Kf8 50. Nxg6+ Ke8 51. Ra5 Ne6 52. Nh4 Rg5 53. Kf2 Nd4 54. Ke3 f4+ 55. Kxd4 Rxa5 56. Ke4 Rg5 57. Nf3 Rg4 58. Kf5 Ke7 59. Ne5 Rg2 60. Kxf4 h4 61. Kf3 h3 62. Nd3 Rg1 0-1

[Event "Oberliga NRW 9293 II"]
[Site "Germany"]
[Date "1992.??.??"]
[Round "?.3"]
[White "Fink Nunn, Petra"]
[Black "Schwarzkopf, Christian"]
[Result "0-1"]
[WhiteElo "2090"]
[BlackElo "2220"]
[PlyCount "84"]
[EventDate "1992.10.??"]
[EventType "team"]
[EventRounds "10"]
[EventCountry "GER"]
[SourceTitle "TD"]
[Source "ChessBase"]
[SourceDate "1994.03.01"]
[SourceVersion "1"]
[SourceVersionDate "1994.03.01"]
[SourceQuality "1"]
[WhiteTeam "Godesberg II"]
[BlackTeam "Neheim"]
[WhiteTeamCountry "GER"]
[BlackTeamCountry "GER"]

1. e4 e5 2. Nf3 Nc6 3. Nc3 g6 4. d4 exd4 5. Nxd4 Bg7 6. Be3 Nf6 7. Qd2 0-0 8. 0-0-0 d6 9. Bc4 Ne5 10. Bb3 a6 11. Nf3 Nxf3 12. gxf3 Be6 13. Bg5 Qe8 14. Rhe1 Bxb3 15. axb3 Qe6 16. Nd5 Nxd5 17. exd5 Qf5 18. Re7 Rae8 19. Rxc7 Qxf3 20. Re7 h6 21. Rde1 Rxe7 22. Bxe7 Re8 23. Bxd6 Rxe1+ 24. Qxe1 Qxd5 25. Bb4 Qe5 26. Qxe5 Bxe5 27. h3 Kg7 28. c3 Kf6 29. Kd2 Kf5 30. Ke3 h5 31. Ba3 Bf6 32. c4 g5 33. b4 g4 34. hxg4+ Kxg4 35. b5 axb5 36. cxb5 Bg5+ 37. Kd4 Kf3 38. Kc5 h4 39. Kb6 Bf4 40. Kxb7 h3 41. Kc6 h2 42. Bd6 h1Q 0-1

[Event "Wiesbaden op"]
[Site "Wiesbaden"]
[Date "1992.??.??"]
[Round "?"]
[White "Friedrich, Norbert"]
[Black "Schwarzkopf, Christian"]
[Result "1-0"]
[WhiteElo "2310"]
[BlackElo "2235"]
[PlyCount "51"]
[EventDate "1992.??.??"]
[EventType "swiss"]
[EventRounds "9"]
[EventCountry "GER"]
[SourceTitle "GER"]
[Source "ChessBase"]
[SourceDate "1999.07.01"]
[SourceVersion "1"]
[SourceVersionDate "1999.07.01"]
[SourceQuality "1"]

1. e4 e5 2. Nf3 d6 3. d4 exd4 4. Qxd4 Nf6 5. Nc3 Be7 6. Bf4 0-0 7. 0-0-0 Nc6 8. Qd2 b6 9. Bb5 Bb7 10. Rhe1 a6 11. Bxc6 Bxc6 12. Nd4 Bb7 13. Nf5 Re8 14. Bg5 Bf8 15. Qf4 Re6 16. Re3 h6 17. Bh4 Kh7 18. Rh3 Qe8 19. Nd4 Rxe4 20. Qf5+ g6 21. Qxf6 Bg7 22. Nxe4 Bxe4 23. Qf4 Bxg2 24. Re3 Qa4 25. Qxf7 Rf8 26. Qb3 1-0

[Event "Oberliga NRW 9192 II"]
[Site "Germany"]
[Date "1992.??.??"]
[Round "?.2"]
[White "Schwarzkopf, Christian"]
[Black "Kaeser, Udo"]
[Result "0-1"]
[WhiteElo "2235"]
[BlackElo "2280"]
[PlyCount "74"]
[EventDate "1991.10.??"]
[EventType "team"]
[EventRounds "11"]
[EventCountry "GER"]
[SourceTitle "TD"]
[Source "ChessBase"]
[SourceDate "1994.03.01"]
[SourceVersion "1"]
[SourceVersionDate "1994.03.01"]
[SourceQuality "1"]
[WhiteTeam "Neheim"]
[BlackTeam "Enger Spenge"]
[WhiteTeamCountry "GER"]
[BlackTeamCountry "GER"]

1. Nf3 d5 2. g3 c6 3. Bg2 Bg4 4. d3 Nd7 5. 0-0 Ngf6 6. Qe1 e5 7. e4 dxe4 8. dxe4 Qc7 9. Nbd2 Be7 10. Nc4 Be6 11. Qe2 b5 12. Ncd2 Nc5 13. b3 Nfd7 14. Bb2 0-0 15. a4 Rfb8 16. Bc3 a5 17. axb5 cxb5 18. Kh1 Nxb3 19. Bxe5 Qxc2 20. Bxb8 Nxa1 21. Nd4 Qb2 22. Nxe6 Rxb8 23. Rb1 Qa2 24. Nxg7 Kxg7 25. Qd1 Nc2 26. Rc1 Nd4 27. Qg4+ Kf8 28. Qxd7 Qxd2 29. Rf1 a4 30. Qc7 Rd8 31. h4 Qh6 32. f4 Qd6 33. Qc3 a3 34. e5 Qg6 35. f5 Qxg3 36. f6 Qxh4+ 37. Kg1 Ne2# 0-1

[Event "Oberliga NRW 9192 II"]
[Site "Germany"]
[Date "1991.??.??"]
[Round "?.2"]
[White "Hogenacker, Jacques"]
[Black "Schwarzkopf, Christian"]
[Result "1/2-1/2"]
[WhiteElo "2280"]
[BlackElo "2235"]
[PlyCount "69"]
[EventDate "1991.10.??"]
[EventType "team"]
[EventRounds "11"]
[EventCountry "GER"]
[SourceTitle "TD"]
[Source "ChessBase"]
[SourceDate "1994.03.01"]
[SourceVersion "1"]
[SourceVersionDate "1994.03.01"]
[SourceQuality "1"]
[WhiteTeam "Koeln KKS"]
[BlackTeam "Neheim"]
[WhiteTeamCountry "GER"]
[BlackTeamCountry "GER"]

1. e4 e5 2. Nf3 Nc6 3. Bb5 Nge7 4. c3 g6 5. d4 exd4 6. cxd4 d5 7. Bg5 Qd6 8. exd5 Nxd5 9. 0-0 Bg7 10. Re1+ Be6 11. Nc3 0-0 12. a3 Nxc3 13. bxc3 a6 14. Bd3 Rae8 15. Qd2 Bd5 16. Bf4 Qd7 17. Ng5 Na5 18. Rab1 Qc6 19. Rxe8 Rxe8 20. Re1 Nc4 21. Rxe8+ Qxe8 22. Bxc4 Bxc4 23. Bxc7 Qe7 24. Bg3 Qxa3 25. h4 h6 26. Ne4 Bd5 27. Qf4 Qe7 28. f3 a5 29. Qb8+ Kh7 30. Qa8 Qa3 31. Kh2 Bxe4 32. fxe4 Qxc3 33. d5 Be5 34. Bxe5 Qxe5+ 35. g3 1/2-1/2

[Event "Oberliga NRW 9091 I"]
[Site "Germany"]
[Date "1991.??.??"]
[Round "?"]
[White "Schwarzkopf, Christian"]
[Black "Kreutzkamp, Reinhold"]
[Result "1/2-1/2"]
[WhiteElo "2255"]
[BlackElo "2250"]
[PlyCount "57"]
[EventDate "1990.10.??"]
[EventType "team"]
[EventRounds "11"]
[EventCountry "GER"]
[SourceTitle "TD"]
[Source "ChessBase"]
[SourceDate "1994.03.01"]
[SourceVersion "1"]
[SourceVersionDate "1994.03.01"]
[SourceQuality "1"]

1. e4 c6 2. c4 d5 3. cxd5 cxd5 4. exd5 Nf6 5. Nc3 Nxd5 6. Nf3 g6 7. Qb3 e6 8. Nxd5 exd5 9. Bb5+ Bd7 10. Qxd5 Bxb5 11. Qxb5+ Qd7 12. Qe5+ Qe7 13. 0-0 Qxe5 14. Nxe5 f6 15. Nf3 Nc6 16. b3 Be7 17. Bb2 Kf7 18. Bc3 Rhd8 19. Rfe1 Rac8 20. Re4 Bf8 21. Rf4 f5 22. Ng5+ Kg8 23. Ne6 Rd5 24. Nxf8 Kxf8 25. Re1 Ne5 26. Ra4 a6 27. Bxe5 Rxe5 28. Kf1 Rd5 29. Rd1 1/2-1/2

[Event "Baden-Baden op"]
[Site "Baden-Baden"]
[Date "1991.??.??"]
[Round "8"]
[White "Schwarzkopf, Christian"]
[Black "Urban, Julian"]
[Result "0-1"]
[WhiteElo "2255"]
[BlackElo "2420"]
[PlyCount "80"]
[EventDate "1991.07.??"]
[EventType "swiss"]
[EventRounds "9"]
[EventCountry "GER"]
[SourceTitle "GER"]
[Source "ChessBase"]
[SourceDate "1999.07.01"]
[SourceVersion "1"]
[SourceVersionDate "1999.07.01"]
[SourceQuality "1"]

1. d4 Nf6 2. Nf3 g6 3. g3 Bg7 4. Bg2 0-0 5. c4 d6 6. 0-0 c6 7. Nc3 Nbd7 8. b3 e5 9. dxe5 dxe5 10. Qc2 Qe7 11. e4 a5 12. h3 Re8 13. Rd1 Bf8 14. Be3 Nc5 15. Ne1 Nfd7 16. Rac1 Na6 17. Na4 Nac5 18. Nc3 Ra6 19. Bf1 Rb6 20. Nd3 Ra6 21. Nb2 Ne6 22. f3 Nd4 23. Qf2 Bg7 24. Nba4 Ra8 25. Ne2 Ne6 26. c5 f5 27. exf5 gxf5 28. f4 Kh8 29. fxe5 Nxe5 30. Nb6 Rb8 31. Nxc8 Rbxc8 32. Nf4 Ng5 33. Bg2 Nef3+ 34. Bxf3 Qxe3 35. Bh5 Qxf2+ 36. Kxf2 Ne4+ 37. Kg2 Re7 38. Rc2 Rg8 39. Rd3 Be5 40. Kh2 Nxg3 0-1

[Event "Oberliga NRW 9091 I"]
[Site "Germany"]
[Date "1991.??.??"]
[Round "?"]
[White "Wessendorf, Thomas"]
[Black "Schwarzkopf, Christian"]
[Result "1-0"]
[WhiteElo "2285"]
[BlackElo "2255"]
[PlyCount "35"]
[EventDate "1990.10.??"]
[EventType "team"]
[EventRounds "11"]
[EventCountry "GER"]
[SourceTitle "TD"]
[Source "ChessBase"]
[SourceDate "1994.03.01"]
[SourceVersion "1"]
[SourceVersionDate "1994.03.01"]
[SourceQuality "1"]

1. e4 c5 2. Nf3 e6 3. d4 cxd4 4. Nxd4 Nf6 5. Nc3 Bb4 6. e5 Nd5 7. Bd2 Nxc3 8. bxc3 Be7 9. Bd3 0-0 10. Qh5 g6 11. Qh6 f5 12. g4 d5 13. Rg1 Rf7 14. gxf5 exf5 15. e6 Rf6 16. Bxf5 Qc7 17. Bxg6 Qe5+ 18. Be4+ 1-0

[Event "Oberliga NRW 8990 II"]
[Site "Germany"]
[Date "1990.??.??"]
[Round "2"]
[White "Sandkamp, Ralph"]
[Black "Schwarzkopf, Christian"]
[Result "1/2-1/2"]
[WhiteElo "2200"]
[BlackElo "2205"]
[PlyCount "44"]
[EventDate "1989.10.??"]
[EventType "team"]
[EventRounds "9"]
[EventCountry "GER"]
[SourceTitle "EXT 1997"]
[Source "ChessBase"]
[SourceDate "1996.11.15"]
[SourceVersion "1"]
[SourceVersionDate "1996.11.15"]
[SourceQuality "1"]
[WhiteTeam "Wattenscheid"]
[BlackTeam "Neheim"]
[WhiteTeamCountry "GER"]
[BlackTeamCountry "GER"]

1. Nf3 Nf6 2. c4 e6 3. g3 d5 4. d4 Be7 5. Bg2 0-0 6. 0-0 dxc4 7. Qc2 a6 8. Qxc4 b5 9. Qc2 Bb7 10. Bg5 Nbd7 11. Rd1 Rc8 12. Nc3 h6 13. Bxf6 Nxf6 14. Ne5 Bxg2 15. Kxg2 c5 16. dxc5 Qc7 17. Nf3 Bxc5 18. Ne4 Be7 19. Qxc7 Rxc7 20. Nxf6+ Bxf6 21. Rd2 Rfc8 22. Rad1 Kf8 1/2-1/2

[Event "Oberliga NRW 8990 II playoff"]
[Site "Germany"]
[Date "1990.??.??"]
[Round "2"]
[White "Schwarzkopf, Christian"]
[Black "Schlenga, Klaus"]
[Result "1/2-1/2"]
[WhiteElo "2205"]
[BlackElo "2135"]
[PlyCount "152"]
[EventDate "1990.05.??"]
[EventType "team"]
[EventRounds "2"]
[EventCountry "GER"]
[SourceTitle "EXT 1997"]
[Source "ChessBase"]
[SourceDate "1996.11.15"]
[SourceVersion "1"]
[SourceVersionDate "1996.11.15"]
[SourceQuality "1"]
[WhiteTeam "Neheim"]
[BlackTeam "Welper SV"]
[WhiteTeamCountry "GER"]
[BlackTeamCountry "GER"]

1. e4 c6 2. c4 d5 3. cxd5 cxd5 4. exd5 Nf6 5. Bb5+ Nbd7 6. Nc3 a6 7. Qa4 Rb8 8. Bxd7+ Qxd7 9. Qxd7+ Bxd7 10. Nf3 b5 11. a3 Rd8 12. Nd4 Bc8 13. 0-0 Nxd5 14. Nc6 Rd6 15. Nxd5 Rxd5 16. a4 e6 17. axb5 Rxb5 18. Na7 Rb8 19. Nxc8 Rxc8 20. d4 Bb4 21. Rxa6 0-0 22. Rb6 Be7 23. Bd2 Rc2 24. Bc3 Rd8 25. g3 Bf6 26. Ra6 g6 27. Ra4 Rd5 28. Ra8+ Kg7 29. Ra4 h5 30. h4 Kg8 31. Ra8+ Kg7 32. Ra4 Kg8 33. Kg2 Kg7 34. Kf3 Rf5+ 35. Ke3 Kh7 36. Ra7 Bg7 37. f4 Rg2 38. Kf3 Rc2 39. Raa1 Rd5 40. Rad1 Rb5 41. Rf2 Rxf2+ 42. Kxf2 Rd5 43. Ke3 Bf6 44. Rb1 Bd8 45. Ra1 Kg7 46. Kd3 Kf6 47. Ke4 Bb6 48. Ra6 Bc7 49. Ra7 Bd6 50. Rb7 Kg7 51. b4 Kf8 52. Kd3 Ke8 53. Kc4 Be7 54. b5 Rd7 55. Rb8+ Rd8 56. Rxd8+ Kxd8 57. d5 Kc8 58. dxe6 fxe6 59. Bb4 Bf6 60. Bd6 Kb7 61. Bc5 Bd8 62. Kd4 Bf6+ 63. Ke4 Bg7 64. Bd4 Bf8 65. Ke5 Bg7+ 66. Ke4 Bf8 67. Kf3 Be7 68. Bf2 Bf6 69. Ke4 Bg7 70. Kf3 Bf6 71. g4 Be7 72. gxh5 gxh5 73. Ke4 Bf6 74. Kd3 Bd8 75. Kc4 Bc7 76. Be3 Ba5 1/2-1/2

[Event "Oberliga NRW 8889 I"]
[Site "Germany"]
[Date "1989.??.??"]
[Round "2"]
[White "Liemann, Michael"]
[Black "Schwarzkopf, Christian"]
[Result "1/2-1/2"]
[WhiteElo "1975"]
[BlackElo "2125"]
[PlyCount "63"]
[EventDate "1988.10.??"]
[EventType "team"]
[EventRounds "9"]
[EventCountry "GER"]
[SourceTitle "EXT 1997"]
[Source "ChessBase"]
[SourceDate "1996.11.15"]
[SourceVersion "1"]
[SourceVersionDate "1996.11.15"]
[SourceQuality "1"]
[WhiteTeam "Nordwalde"]
[BlackTeam "Neheim"]
[WhiteTeamCountry "GER"]
[BlackTeamCountry "GER"]

1. e4 e5 2. Nf3 Nc6 3. Bb5 a6 4. Ba4 Nf6 5. 0-0 Be7 6. Re1 b5 7. Bb3 d6 8. c3 0-0 9. h3 Na5 10. Bc2 c5 11. d3 Re8 12. Nbd2 Bd7 13. Nf1 Nc6 14. Bg5 h6 15. Be3 Bf8 16. Ng3 Qc7 17. Nh4 c4 18. Nhf5 Ne7 19. Nh4 d5 20. d4 Nxe4 21. Nxe4 dxe4 22. Bxe4 Bc6 23. Bxc6 Nxc6 24. Nf5 exd4 25. Nxd4 Nxd4 26. Qxd4 Rad8 27. Qg4 Qd7 28. Qxd7 Rxd7 29. Rad1 Red8 30. Rd4 f5 31. Rxd7 Rxd7 32. Bd4 1/2-1/2

[Event "Oberliga NRW 8990 II"]
[Site "Germany"]
[Date "1989.??.??"]
[Round "2"]
[White "Schwarzkopf, Christian"]
[Black "Gawehns, Klaus"]
[Result "1/2-1/2"]
[WhiteElo "2205"]
[BlackElo "2325"]
[PlyCount "37"]
[EventDate "1989.10.??"]
[EventType "team"]
[EventRounds "9"]
[EventCountry "GER"]
[SourceTitle "EXT 1997"]
[Source "ChessBase"]
[SourceDate "1996.11.15"]
[SourceVersion "1"]
[SourceVersionDate "1996.11.15"]
[SourceQuality "1"]
[WhiteTeam "Neheim"]
[BlackTeam "Godesberg"]
[WhiteTeamCountry "GER"]
[BlackTeamCountry "GER"]

1. e4 g6 2. d4 Bg7 3. Nf3 d6 4. Be2 Nf6 5. Nc3 0-0 6. 0-0 Bg4 7. Be3 Nc6 8. Qd2 e5 9. dxe5 dxe5 10. Rad1 Qc8 11. Qc1 Rd8 12. Rxd8+ Qxd8 13. Rd1 Qf8 14. h3 Bxf3 15. Bxf3 Rd8 16. Nb5 Rxd1+ 17. Qxd1 Qb8 18. c3 Bf8 19. b4 1/2-1/2